It's not the money, it's the land : aboriginal stockmen and the equal wages case : talking history /

Bibliographic Details
Main Author: Bunbury, Bill
Format: Book
Language:English
Published: South Fremantle, W.A. : Fremantle Arts Centre Press, 2002.
Subjects:

MARC

Tag First Indicator Second Indicator Subfields
LEADER 00000cam a2200000Ia 4500
001 in00001697607
005 20151024171344.0
008 020924s2002 au a b 000 0 eng d
020 |a 1863683666 
035 |a (OCoLC)ocm50658958 
040 |a VYF  |c VYF  |d TXA  |d UtOrBLW 
043 |a u-at--- 
049 |a TXAM 
090 |a HD8848.5.A3  |b B96 2002 
100 1 |a Bunbury, Bill. 
245 1 0 |a It's not the money, it's the land :  |b aboriginal stockmen and the equal wages case : talking history /  |c with Bill Bunbury. 
246 3 0 |a Aboriginal stockmen and the equal wages case 
264 1 |a South Fremantle, W.A. :  |b Fremantle Arts Centre Press,  |c 2002. 
300 |a 192 pages :  |b illustrations ;  |c 21 cm. 
336 |a text  |b txt  |2 rdacontent 
337 |a unmediated  |b n  |2 rdamedia 
338 |a volume  |b nc  |2 rdacarrier 
504 |a Includes bibliographical references (page 190). 
650 0 |a Equal pay for equal work  |x Law and legislation  |z Australia. 
650 0 |a Wages  |x Law and legislation  |z Australia  |x History  |y 20th century. 
650 0 |a Aboriginal Australians  |x Employment  |z Australia  |x History  |y 20th century. 
650 0 |a Aboriginal Australians  |x Social conditions. 
650 0 |a Aboriginal Australians  |v Interviews. 
948 |a cataloged  |b h  |c 2002/11/11  |d c  |e eneff  |f 11:38:24 am 
994 |a E0  |b TXA 
999 |a MARS 
999 f f |s 08d17a45-b6a4-38fb-8131-6f6383506517  |i 882b1b95-9b8c-3c14-b982-2f92a9ed3b3f  |t 0 
952 f f |p normal  |a Texas A&M University  |b College Station  |c Sterling C. Evans Library  |d Evans: Library Stacks  |t 0  |e HD8848.5.A3 B96 2002  |h Library of Congress classification  |i unmediated -- volume  |m A14829451908 
998 f f |a HD8848.5.A3 B96 2002  |t 0  |l Evans: Library Stacks